000 00575nam a22001817a 4500
003 GBCCL
005 20251110144836.0
008 251110b |||||||| |||| 00| 0 eng d
020 _a9788197154164
040 _cGBC
082 _a220.601
_bABR 1
100 _aAbraham, Joshy
245 _aBiblical Hermeneutics :
_ba guide for studying the Bible ( with illustrations ) /
_cDr. Joshy Abraham, Dr. Twinkle Paul and Dr. Mathew K.S.
260 _aKerala, India :
_bEzra publishing house,
_c2024
300 _a336pages ;
650 _aBible
_vHermeneutics
942 _2ddc
_cBK
_n0
999 _c11008
_d11008